Numéros des départements français #1 - Mort subite - Statistiques

Statistiques générales
  • Ce quiz a été pris 421 fois
  • Le résultat moyen est 7 sur 15
Answers on the Grid
Answers color-coded by a green-red scale on the quiz's grid according to % correct below.
01 - Ain
05 - Hautes-Alpes
08 - Ardèche
10 - Aude
13 - Bouches-du-Rhône
14- Calvados
17 - Charente
18 - Cher
2B - Haute-Corse
24 - Dordogne
27 - Eure-et-Loir
29 - Finistère
34 - Hérault
37 - Indre-et-Loire
35 - Gironde
46 - Lot-et-Garonne
51 - Manche
59 - Pas-de-Calais
63 - Guyane
976 - La Réunion
972 - Martinique
74 - Savoie
69 - Rhône
68 - Haut-Rhin
64 - Pyrénées-Atlantiques
77 - Seine-et-Marne
84 - Var
89 - Territoire de Belfort
94 - Val d'Oise
57 - Nièvre
 
Statistiques - réponses
Réponse % Correct
01 - Ain
63%
69 - Rhône
56%
13 - Bouches-du-Rhône
51%
34 - Hérault
49%
14- Calvados
48%
29 - Finistère
46%
77 - Seine-et-Marne
43%
64 - Pyrénées-Atlantiques
42%
2B - Haute-Corse
40%
68 - Haut-Rhin
39%
18 - Cher
38%
24 - Dordogne
37%
05 - Hautes-Alpes
36%
37 - Indre-et-Loire
35%
972 - Martinique
31%
Aucun quiz correspondant
Distribution des résultats
% des personnes avec chaque résultat
Percentile par nombre de réponses
Votre historique - résultats
Vous n’avez pas pris ce quiz